Foundations of pakistan : (Record no. 14084)
[ view plain ]
| 000 -LEADER | |
|---|---|
| fixed length control field | 00558nam a2200145 a 4500 |
| 100 1# - MAIN ENTRY--AUTHOR NAME | |
| Personal name | Pirzada, Syed Sharifuddin, ed. |
| 245 10 - TITLE STATEMENT | |
| Title | Foundations of pakistan : |
| 260 ## - PUBLICATION, DISTRIBUTION, ETC. (IMPRINT) | |
| Place of publication | [S.l.] : |
| Name of publisher | Karachi/Dacca: National Publishing House,, |
| Year of publication | 1969. |
| 300 ## - PHYSICAL DESCRIPTION | |
| Number of Pages | 1 v. (unpaged) |
| 500 ## - GENERAL NOTE | |
| General note | Import. |
| 856 40 - ELECTRONIC LOCATION AND ACCESS | |
| Uniform Resource Identifier | http://www.amazon.com/exec/obidos/ASIN/B0000D5ILV/chopaconline-20 |
| Withdrawn status | Lost status | Home library | Current library | Date acquired | Cost, normal purchase price | Full call number | Accession Number | Koha item type |
|---|---|---|---|---|---|---|---|---|
| Central Library, QUEST, Nawabshah | Central Library, QUEST, Nawabshah | 16/09/2015 | 200.00 | 954.7SHA | 11865 | Books | ||
| Central Library, QUEST, Nawabshah | Central Library, QUEST, Nawabshah | 27/07/2017 | 200.00 | 954.7SHA | 11866 | Books |